00446nam a2200145Ia 4500003000900000008004100009020001800050040001600068080002200084245009200106260004300198300001500241650002500256700001900281IN-BaIIA211028s9999 xx 000 0 eng d a0-444-50305-6 cIIA Library a047.1:535bPRO-40 0aProgress in opticsbvol 40cedited by E. Wolf  aAmsterdam, NetherlandsbElsevierc2000 axiii, 480p aAstrophysics: Optics aWolf, E., ed.,